000 00439nam a2200133 a 4500
001 000044288
005 20201002045253.0
008 140612s2008 dr a 000 0 spa d
040 _aDO-SdBNP
_bspa
_cBNPHU
082 _axxxx
_bxxxx
245 0 3 _aEl presupuesto del estado :
_b¿ cómo se administran nuestros chelitos?
260 _aSanto Domingo :
_bCentro de Estudios Sociales Padre Juan Montalvo,
_c2008.
300 _a32 p. :
_bil. ;
_c18 cm.
999 _c43777
_d43777